000 00472nam a2200193Ia 4500
003 0100
008 130303s9999 xx 000 0 und d
040 _cARRUPELIB
050 _aBR936.B651966
100 _aBourdeaux, Michael
245 _aOpium of the people, the Christian religion in the U.S.S.R.
260 _aIndianapolis
260 _bBobbs-Merrill
260 _C1966
300 _a244p.
300 _b 22cm.
700 _aMichael Bourdeaux
942 0 0 _01
999 _c38676
_d38676